Ley de Maxwell acerca de la distribución de las velocidades moleculares de un gas (Record no. 120750)

MARC details
000 -LEADER
campo de control de longitud fija 00661nam a2200157 4500
001 - NÚMERO DE CONTROL
campo de control 120750
003 - IDENTIFICADOR DE NÚMERO DE CONTROL
campo de control ES-MaACL
005 - FECHA Y HORA DE LA ÚLTIMA TRANSACCIÓN
campo de control 20230906191621.0
007 - CAMPO FIJO DE DESCRIPCIÓN FÍSICA--INFORMACIÓN GENERAL
campo de control de longitud fija t|
008 - DATOS DE LONGITUD FIJA--INFORMACIÓN GENERAL
campo de control de longitud fija 070214s1905 sp r ||||1| spa d
100 0# - ENTRADA PRINCIPAL--NOMBRE DE PERSONA
Nombre de persona Pólit Buxareu, Isidro.
9 (RLIN) 92830
245 10 - MENCIÓN DEL TÍTULO
Título Ley de Maxwell acerca de la distribución de las velocidades moleculares de un gas
Resto del título : memoria presentada por Isidro Polit y Buxareu pra aspirar al grado de Doctor en Ciencias físico-matemáticas (27 de Junio de 1904) /
Mención de responsabilidad, etc. Isidro Polit y Buxareu.
260 ## - PUBLICACIÓN, DISTRIBUCIÓN, ETC.
Lugar de publicación, distribución, etc. Barcelona :
Nombre del editor, distribuidor, etc. [s.n.],
Fecha de publicación, distribución, etc. 1905 (
Fabricante Imp. de la Casa provincial de Caridad)
300 ## - DESCRIPCIÓN FÍSICA
Extensión 32 p. ;
Dimensiones 21 cm.
852 ## - LOCALIZACIÓN
Ubicación ES-MaACL
Número de control de estantería T-1078-F-2
Holdings
Estatus retirado Estado de pérdida Estado de daño No para préstamo Colección Biblioteca de origen Biblioteca actual Ubicación en estantería Fecha de adquisición Fuente de adquisición Total de préstamos Signatura topográfica completa Código de barras Visto por última vez Precio de reemplazo Tipo de ítem Koha
        Colección de folletos Biblioteca del Ateneo de Madrid Biblioteca del Ateneo de Madrid Depósito folletos 17/01/2008     T-1078-F-2 1125858 23/02/2023 23/02/2023 Folleto